书目信息 |
| 题名: |
顺天致性 健康和谐
|
|
| 作者: | 陈华 著 | |
| 分册: | ||
| 出版信息: | 北京 光明日报出版社 2016.04 |
|
| 页数: | 210页 | |
| 开本: | 24cm | |
| 丛书名: | ||
| 单 册: | ||
| 中图分类: | G633.962 | |
| 科图分类: | ||
| 主题词: | 健康教育--教学研究--小学 | |
| 电子资源: | ||
| ISBN: | 978-7-5194-0724-7 | |
| 000 | 00829nam0 2200241 450 | |
| 001 | 0120151652733 | |
| 005 | 20161026095201.53 | |
| 010 | @a978-7-5194-0724-7@dCNY35.00 | |
| 100 | @a20160617d2016 em y0chiy50 ea | |
| 101 | 0 | @achi |
| 102 | @aCN@b110000 | |
| 105 | @aa z 000yy | |
| 106 | @ar | |
| 200 | 1 | @a顺天致性 健康和谐@9shun tian zhi xing jian kang he xie@f陈华著 |
| 210 | @a北京@c光明日报出版社@d2016.04 | |
| 215 | @a210页@c图@d24cm | |
| 330 | @a本书内容包括:特色健康教育 成就美好少年;构建课程体系 润泽健康发展;健康课堂模式 彰显教育魅力;体育教育模式 引领身心成长;教师队伍建设 奠定幸福基础等。 | |
| 333 | @a健康教育研究人员 | |
| 606 | 0 | @a健康教育@x教学研究@x小学 |
| 690 | @aG633.962@v5 | |
| 701 | 0 | @a陈华@9chen hua@f(1971-)@4著 |
| 801 | 0 | @aCN@b人天书店@c20160617 |
| 905 | @b881000-05@dG633.962@e114@f6 | |
| 顺天致性 健康和谐/陈华著.-北京:光明日报出版社,2016.04 |
| 210页:图;24cm |
| 使用对象:健康教育研究人员 |
| ISBN 978-7-5194-0724-7:CNY35.00 |
| 本书内容包括:特色健康教育 成就美好少年;构建课程体系 润泽健康发展;健康课堂模式 彰显教育魅力;体育教育模式 引领身心成长;教师队伍建设 奠定幸福基础等。 |
| ● |
| 相关链接 |
|
|
|
|
正题名:顺天致性 健康和谐
索取号:G633.962/114
 
预约/预借
| 序号 | 登录号 | 条形码 | 馆藏地/架位号 | 状态 | 备注 |
| 1 | 881000 | 208810009 | 第一样本阅览室/ [索取号:G633.962/114] | 在馆 | |
| 2 | 881001 | 208810018 | 教育系资料室/ [索取号:G633.962/114] | 在馆 | |
| 3 | 881002 | 208810027 | 教育系资料室/ [索取号:G633.962/114] | 在馆 | |
| 4 | 881003 | 208810036 | 教育系资料室/ [索取号:G633.962/114] | 在馆 | |
| 5 | 881004 | 208810045 | 第四借阅区/ [索取号:G633.962/114] | 在馆 | |
| 6 | 881005 | 208810054 | 第四借阅区/ [索取号:G633.962/114] | 在馆 |